| 000 | 00558nab a22001577 4500 | ||
|---|---|---|---|
| 003 | ES-SlBCS | ||
| 005 | 20211219163044.0 | ||
| 008 | 211219s2021 ||||| |||| 00| 0 spa d | ||
| 040 |
_aES-SlBCS _bspa |
||
| 041 | _aeng | ||
| 100 | 1 |
_966562 _aJácomo, António |
|
| 245 | 1 | 3 |
_aEl cerebro y la conciencia _b: una propuesta integradora entre Damásio y Zubiri _cAntonio Jácomo, Carlos Sanmartín Catalán |
| 700 | 1 |
_aSanmartín Catalán, Carlos _9418149 |
|
| 773 | 0 |
_gVol. 77, núm. 295, 2021, págs. 573-585 _tPensamiento _wRev321 _x0031-4749 |
|
| 942 |
_2lcc _cAR |
||
| 999 |
_c875956 _d875956 |
||